000 00340nam a22001457a 4500
003 OSt
005 20160727222359.0
008 160623b xxu||||| |||| 00| 0 eng d
040 _cTEST
100 _9636
_aChipperfield, J
245 _aMy Wild Life
260 _aNEW YORK
_bG.P.Put Nam'ssons
_c1975
300 _aMy Wild Life
942 _2ddc
_cBK
999 _c518
_d518